[Event "Mittelfranken Mitte-ch 1011"]
[Site "Zirndorf"]
[Date "2011.01.09"]
[Round "7"]
[White "Schilay, Andre"]
[Black "Brueckl, Lorenz"]
[Result "1-0"]
[WhiteElo "1626"]
[BlackElo "1433"]
[PlyCount "77"]
[EventDate "2011.01.06"]
[EventType "swiss"]
[EventRounds "7"]
[EventCountry "GER"]
[SourceTitle "EXT 2015"]
[Source "ChessBase"]
[SourceDate "2014.11.20"]
[SourceVersion "1"]
[SourceVersionDate "2014.11.20"]
[SourceQuality "1"]

1. e4 e5 2. Nf3 c6 3. d4 exd4 4. Qxd4 d6 5. Nc3 c5 6. Qd3 Nc6 7. Bf4 Nf6 8. Rd1 Nb4 9. Qd2 d5 10. a3 Nc6 11. Nxd5 Nxd5 12. Qxd5 Qxd5 13. exd5 Nd8 14. Bb5+ Bd7 15. Bxd7+ Kxd7 16. 0-0 Bd6 17. Bxd6 Kxd6 18. Rfe1 f6 19. c4 b6 20. Re2 Rf8 21. g3 Nf7 22. Rde1 Rad8 23. Re7 Ne5 24. Re6+ Kc7 25. Nxe5 fxe5 26. R6xe5 Rd7 27. f4 a5 28. Kg2 g6 29. Re6 Rd6 30. h4 Rxe6 31. Rxe6 Kd7 32. Rxb6 Kc7 33. Rc6+ Kb7 34. Rxc5 Rf7 35. Rxa5 Rc7 36. Rb5+ Ka6 37. b3 Re7 38. a4 Re3 39. c5 1-0